| 000 | 01075cam a2200313 a 4500 | ||
|---|---|---|---|
| 001 | 17259930 | ||
| 005 | 20200421093825.0 | ||
| 008 | 120417s2012 ch a b 001 0 eng | ||
| 010 | _a 2012392268 | ||
| 020 | _a9780596004927 | ||
| 040 |
_aDLC _cDLC _dDLC |
||
| 042 | _apcc | ||
| 050 | 0 | 0 |
_aQA76.73.P22 _bW35 2012 |
| 082 | 0 | 0 |
_a005.13/3 _223 |
| 100 | 1 |
_aChristiansen, Tom. _9482 |
|
| 245 | 1 | 0 |
_aProgramming Perl / _cTom Christiansen, Brian D. Foy & Larry Wall. |
| 250 | _a4th ed. | ||
| 260 |
_aBeijing ; _aSebastopol : _bO'Reilly, _cc2012. |
||
| 300 |
_axli, 1130 p. : _bill. ; _c24 cm. |
||
| 500 | _aRev. ed. of: Programming Perl / Larry Wall, Tom Christiansen & Jon Orwant. 2000. 3rd ed. | ||
| 504 | _aIncludes bibliographical references and index. | ||
| 650 | 0 |
_aPerl (Computer program language) _919 |
|
| 700 | 1 |
_aFoy, Brian D. _9148 |
|
| 700 | 1 |
_aWall, Larry. _9483 |
|
| 700 | 1 |
_aWall, Larry. _tProgramming Perl. _9484 |
|
| 906 |
_a7 _bcbc _corigcop _d2 _encip _f20 _gy-gencatlg |
||
| 942 |
_2ddc _cBK |
||
| 999 |
_c262 _d262 |
||